| 000 | 00725nam a2200229 4500 | ||
|---|---|---|---|
| 001 | 32549 | ||
| 003 | AR-RoBPED | ||
| 005 | 20260413101508.0 | ||
| 008 | 260410s1970 es |||er ||| 001 1 spa d | ||
| 040 | _aAR-RoBPED | ||
| 041 | _aspa | ||
| 100 | 1 |
_aMiró, Gabriel _d1879-1930 _96989 |
|
| 245 | 1 |
_aAños y leguas / _cGabriel Miro; prólogo de Mariano Baquero Goyanes. |
|
| 260 |
_aEstella: _bSalvat, _c1970. |
||
| 300 | _a186 p. | ||
| 490 | 0 |
_a(Biblioteca Basica Salvat; _vN° 44) |
|
| 650 | 4 |
_aLITERATURA ESPAÑOLA _9687 |
|
| 650 | 4 |
_aNOVELAS _925 |
|
| 700 |
_aBaquero Goyanes, Mariano _d1923-1984 _930710 _eprol. |
||
| 942 |
_2udc _ak. 32549 _cBK _h860-31 _mM 63 a _ninv. 42376 |
||
| 945 | _amm 10/04/2026 - cd 13/04/2026 | ||
| 999 |
_c32549 _d32549 |
||